UFC Fighters with the Most Wins Over Champions - Statistics

General Stats
  • This quiz has been taken 188 times
    37 since last reset
  • The average score is 3 of 14
Answer Stats
Number of Wins Champion Wins Answer % Correct
6 Conor McGregor, Max Holloway, Eddie Alvarez... Dustin Poirier
97%
3 Dominick Cruz, Frankie Edgar, Sean O'Malley Marlon Vera
43%
3 Rose Namajunas, Jessica Andrade, Alexa Grasso Natalia Silva
37%
3 Jamahal Hill, Mauricio Rua, Magomed Ankalaev Paul Craig
30%
3 Tyron Woodley, Robbie Lawler, Rafael Dos Anjos Colby Covington
27%
5 Fabricio Werdum, Andrei Arlovski, Junior dos Santos... Alistair Overeem
23%
5 Mauricio Rua, Michael Bisping, Rich Franklin... Dan Henderson
17%
3 Benson Henderson, Eddie Alvarez, Charles Oliveira Donald Cerrone
17%
3 Luke Rockhold, Chris Weidman, Lyoto Machida Yoel Romero
17%
3 Glover Teixeira, Jan Blachowicz, Mauricio Rua Alexander Gustafsson
13%
3 Tyron Woodley, Belal Muhammad, Rafael Dos Anjos Vicente Luque
10%
3 Anthony Pettis, BJ Penn, Rafael dos Anjos Clay Guida
7%
4 Ricco Rodriguez, Andrei Arlovski, Josh Barnett... Pedro Rizzo
3%
3 Carla Esparza, Alexa Grasso, Jessica Andrade Tatiana Suarez
3%
No matching quizzes found
Score Distribution
Percent of People with Each Score
Percentile by Number Answered
Your Score History
You have not taken this quiz since the last reset